书目信息 |
| 题名: |
音乐欣赏
|
|
| 作者: | 周世斌 编著 | |
| 分册: | ||
| 出版信息: | 重庆 西南师范大学出版社 2000.01 |
|
| 页数: | 344页 | |
| 开本: | 16开 | |
| 丛书名: | ||
| 单 册: | ||
| 中图分类: | J605 | |
| 科图分类: | ||
| 主题词: | 音乐--艺术理论 , 音乐学 , 音乐社会学 | |
| 电子资源: | ||
| ISBN: | 7-5621-2239-3 | |
| 000 | 00592nam0 2200217 45 | |
| 001 | 0010251502 | |
| 005 | 20001025151333.8 | |
| 010 | @a7-5621-2239-3@d28.00元 | |
| 100 | @a20001025d2000 km y0chiy0120 ea | |
| 101 | 0 | @achi |
| 105 | @a z 000yy | |
| 200 | 1 | @a音乐欣赏@AYin Yue Xin Shang@f周世斌编著@FZhou Shi Bin Bian Zhu |
| 210 | @a重庆@c西南师范大学出版社@d2000.01 | |
| 215 | @a344页@d16开 | |
| 606 | 0 | @a音乐@x艺术理论 |
| 606 | 0 | @a音乐学 |
| 606 | 0 | @a音乐社会学 |
| 690 | @aJ605@v3 | |
| 701 | 0 | @a周世斌@4编著 |
| 801 | @aCN@bPftUser@c20001025 | |
| 905 | @b188051-053@dJ605@eZH071@f3 | |
| 音乐欣赏/周世斌编著.-重庆:西南师范大学出版社,2000.01 |
| 344页;16开 |
| ISBN 7-5621-2239-3:28.00元 |
| ● |
| 相关链接 |
|
|
|
正题名:音乐欣赏
索取号:J605/ZH071
 
预约/预借
| 序号 | 登录号 | 条形码 | 馆藏地/架位号 | 状态 | 备注 |
| 1 | 188051 | 201880517 | 社科库309/309社科库 91排2列4层/ [索取号:J605/ZH071] | 在馆 | |
| 2 | 188052 | 201880526 | 社科库309/309社科库 91排2列4层/ [索取号:J605/ZH071] | 在馆 | |
| 3 | 188053 | 201880535 | 社科库309/309社科库 91排2列4层/ [索取号:J605/ZH071] | 在馆 |